000 00688cam a2200241 a 4500
001 14273852
005 20180131033309.0
008 060222s2006 njuab b 001 0 eng
010 _a 2006272535
020 _a9780471704386 (pbk.)
020 _a0471704385 (pbk.)
040 _aDLC
_cDLC
_dDLC
041 _aeng
080 _a363.7 RAV
082 0 0 _a363.7 RAV
_222
100 1 _a9
101 _aMJE
245 1 0 _aEnvironment.
504 _aIncludes bibliographical references and index.
906 _a7
_bcbc
_corigcop
_d2
_encip
_f20
_gy-gencatlg
942 _2ddc
_cBK
999 _c41314
_d41314